000 00543nam a2200169Ia 4500
999 _c5993
_d5993
003 OSt
005 20200124112453.0
008 190216s9999||||xx |||||||||||||| ||und||
040 _coclc
082 _a658.401
_bMCC/B
100 _aMcCarthy, Daniel J
_91498
245 0 _aBusiness Policy And Strategy /
_cDaniel J McCarthy ; Robert J Minichiello ; Joseph R Curran
250 _a4th ed.
260 _bAll India Traveler Book Center,
_c1998.
_aDelhi:
300 _a528p
942 _cBK
_2ddc
_h658.401
_iMCC/B
_k658.401
_mMCC/B